<?xml version="1.0" encoding="UTF-8"?>
<record
    xmlns:xsi="http://www.w3.org/2001/XMLSchema-instance"
    xsi:schemaLocation="http://www.loc.gov/MARC21/slim http://www.loc.gov/standards/marcxml/schema/MARC21slim.xsd"
    xmlns="http://www.loc.gov/MARC21/slim">

  <leader>01646nac a22002771u 4500</leader>
  <controlfield tag="008">100523t        xxu||||| |||| 00| 0 eng d</controlfield>
  <datafield tag="082" ind1=" " ind2=" ">
    <subfield code="a">782.42168 </subfield>
    <subfield code="b">BOC</subfield>
    <subfield code="2">22</subfield>
  </datafield>
  <datafield tag="100" ind1=" " ind2=" ">
    <subfield code="a">Bocelli, Andrea              </subfield>
    <subfield code="9">14231</subfield>
  </datafield>
  <datafield tag="245" ind1=" " ind2=" ">
    <subfield code="a">Amor /</subfield>
    <subfield code="c">Andrea Bocelli</subfield>
  </datafield>
  <datafield tag="260" ind1=" " ind2=" ">
    <subfield code="a">Milan :</subfield>
    <subfield code="b">Sugar, 2006</subfield>
    <subfield code="c">2006</subfield>
  </datafield>
  <datafield tag="300" ind1=" " ind2=" ">
    <subfield code="a">2 Sound discs :</subfield>
    <subfield code="b">digital ;</subfield>
    <subfield code="c">4 3/4 in.</subfield>
  </datafield>
  <datafield tag="500" ind1=" " ind2=" ">
    <subfield code="a">Lyrics in booklet</subfield>
  </datafield>
  <datafield tag="505" ind1=" " ind2=" ">
    <subfield code="a"> 	Besame mucho --  Cancion Desafinada (Canzoni stonate) (con Stevie Wonder) --  Solamente una vez --  Somos novios (dueto con Christina Aguilera) --  Jurame (con Mario Reyes) --  Pero te extra&#xF1;o --  Las hojas muertas (Les feuilles mortes) (con Veronica Berti) --  Momentos --  Me faltas (Mi manchi) (con Kenny G) --  Cuando me enamoro (Quando m' innamoro) --  Porque tu me acostumbraste (Tu me acostumbraste) --  Amapola --  Verano (Estate) (con Christ Botti) --  Nuestro encuentro (Sentado a' Beira do Caminh</subfield>
  </datafield>
  <datafield tag="508" ind1=" " ind2=" ">
    <subfield code="a">Produced by David Foster and Humberto Gatica.   </subfield>
  </datafield>
  <datafield tag="511" ind1=" " ind2=" ">
    <subfield code="a">Andrea Bocelli, vocals, with instrumental ensemble and guest musicians.   </subfield>
  </datafield>
  <datafield tag="546" ind1=" " ind2=" ">
    <subfield code="a">Sung in Spanish.   </subfield>
  </datafield>
  <datafield tag="650" ind1=" " ind2=" ">
    <subfield code="a">Popular music</subfield>
    <subfield code="9">14230</subfield>
    <subfield code="z">Latin America</subfield>
    <subfield code="y">2001-2010</subfield>
  </datafield>
  <datafield tag="650" ind1=" " ind2=" ">
    <subfield code="a">Songs (High voice) with instrumental ensemble</subfield>
    <subfield code="9">14232</subfield>
  </datafield>
  <datafield tag="650" ind1=" " ind2=" ">
    <subfield code="a">Songs, Spanish</subfield>
    <subfield code="9">14233</subfield>
  </datafield>
  <datafield tag="700" ind1=" " ind2=" ">
    <subfield code="9">14225</subfield>
    <subfield code="a">Wonder, Stevie</subfield>
  </datafield>
  <datafield tag="700" ind1=" " ind2=" ">
    <subfield code="9">14226</subfield>
    <subfield code="a">Aguilera, Christina</subfield>
    <subfield code="d">1980-   </subfield>
  </datafield>
  <datafield tag="700" ind1=" " ind2=" ">
    <subfield code="9">14227</subfield>
    <subfield code="a">G., Kenny</subfield>
  </datafield>
  <datafield tag="700" ind1=" " ind2=" ">
    <subfield code="9">14228</subfield>
    <subfield code="a">Reyes, Mario</subfield>
    <subfield code="c">Guitarist</subfield>
  </datafield>
  <datafield tag="942" ind1=" " ind2=" ">
    <subfield code="c">CDR</subfield>
    <subfield code="k">782.42168 BOC</subfield>
    <subfield code="2">ddc</subfield>
  </datafield>
  <datafield tag="999" ind1=" " ind2=" ">
    <subfield code="c">5005</subfield>
    <subfield code="d">5005</subfield>
  </datafield>
  <datafield tag="952" ind1=" " ind2=" ">
    <subfield code="0">0</subfield>
    <subfield code="1">0</subfield>
    <subfield code="2">ddc</subfield>
    <subfield code="4">0</subfield>
    <subfield code="7">0</subfield>
    <subfield code="a">MAIN</subfield>
    <subfield code="b">MAIN</subfield>
    <subfield code="c">2ND</subfield>
    <subfield code="d">2008-10-07</subfield>
    <subfield code="l">2</subfield>
    <subfield code="m">2</subfield>
    <subfield code="o">782.42168 BOC</subfield>
    <subfield code="p">000005822</subfield>
    <subfield code="r">2022-08-24 00:00:00</subfield>
    <subfield code="s">2014-01-06</subfield>
    <subfield code="w">2007-10-08</subfield>
    <subfield code="y">CDVDSOU</subfield>
  </datafield>
</record>
